00444nam a2200157 450000500170000001000150001702000260003203500140005803700130007208200120008510000130009724500430011026000400015327000690019330000240026220190410123818.0 aENG-125037 a9788192557106c475.00 aEN-108569 bDBAD/PUB a791.430 aJha,N.N. aHistory of Indian Cinema/cby N.N. Jha aAllahabadbAnurag Publicationc2015 a116/70 LukerganjbAllahabade211001manuragpublication@gmail.com av;160p.c23cms(Hbk)